All Minecraft Items & Blocks (26.1) - Statistics

General Stats
  • This quiz has been taken 27 times
  • The average score is 144 of 1742
Answer Stats
Starting Letter Answer % Correct
C Cobblestone
79%
I Iron Ingot
64%
S Stone
64%
D Deepslate
57%
G Gold Ingot
57%
O Oak Planks
57%
A Andesite
50%
D Diamond
50%
D Diorite
50%
D Dirt
50%
E Emerald
50%
I Iron Chestplate
50%
I Iron Helmet
50%
N Netherrack
50%
O Oak Log
50%
O Oak Stairs
50%
R Raw Chicken
50%
S Sand
50%
A Apple
43%
B Block of Emerald
43%
B Block of Gold
43%
B Block of Iron
43%
C Cooked Chicken
43%
C Crafting Table
43%
D Deepslate Diamond Ore
43%
D Diamond Ore
43%
F Furnace
43%
G Gold Ore
43%
I Iron Boots
43%
I Iron Leggings
43%
L Light
43%
O Oak Slab
43%
O Oak Wood
43%
R Raw Beef
43%
R Redstone Ore
43%
S Spruce Planks
43%
S Stone Bricks
43%
W Water Bucket
43%
A Acacia Stairs
36%
A Arrow
36%
B Bedrock
36%
B Blackstone
36%
B Block of Coal
36%
B Block of Diamond
36%
B Block of Redstone
36%
B Bone
36%
B Book
36%
B Bow
36%
B Bread
36%
B Brick
36%
B Bucket
36%
C Coal
36%
D Deepslate Emerald Ore
36%
D Deepslate Gold Ore
36%
D Deepslate Iron Ore
36%
D Deepslate Redstone Ore
36%
E Egg
36%
E Elytra
36%
E End Portal Frame
36%
F Flint
36%
G Glass
36%
G Golden Apple
36%
G Granite
36%
G Gray Bed
36%
I Iron Ore
36%
I Iron Sword
36%
J Jungle Stairs
36%
L Lapis Lazuli
36%
L Lava Bucket
36%
N Netherite Axe
36%
N Netherite Boots
36%
N Netherite Chestplate
36%
N Netherite Helmet
36%
N Netherite Hoe
36%
N Netherite Ingot
36%
N Netherite Pickaxe
36%
N Netherite Sword
36%
O Oak Boat
36%
O Oak Door
36%
O Oak Fence
36%
O Oak Leaves
36%
O Obsidian
36%
P Potato
36%
R Raw Mutton
36%
R Red Bed
36%
R Redstone Torch
36%
S Spruce Fence
36%
S Spruce Log
36%
S Spruce Stairs
36%
S Steak
36%
S String
36%
W Wheat
36%
W White Wool
36%
W Wooden Axe
36%
W Wooden Hoe
36%
W Wooden Pickaxe
36%
W Wooden Sword
36%
A Acacia Planks
29%
A Acacia Slab
29%
A Ancient Debris
29%
B Bamboo
29%
B Beetroot
29%
B Birch Door
29%
B Birch Log
29%
B Black Bed
29%
B Black Carpet
29%
B Black Wool
29%
B Blast Furnace
29%
B Block of Netherite
29%
B Blue Bed
29%
B Brewing Stand
29%
C Cake
29%
C Carrot
29%
C Chest
29%
C Chicken Spawn Egg
29%
C Chiseled Stone Bricks
29%
C Cobbled Deepslate
29%
C Command Block
29%
C Cooked Mutton
29%
D Dark Oak Log
29%
D Dark Oak Planks
29%
D Dark Oak Sapling
29%
D Deepslate Coal Ore
29%
D Deepslate Lapis Lazuli Ore
29%
D Diamond Chestplate
29%
D Dispenser
29%
D Dragon Egg
29%
E Emerald Ore
29%
E Enchanting Table
29%
E Ender Pearl
29%
E Eye of Ender
29%
F Flint and Steel
29%
G Glowstone
29%
G Grass Block
29%
G Gravel
29%
G Green Bed
29%
G Gunpowder
29%
I Iron Axe
29%
I Iron Hoe
29%
I Iron Pickaxe
29%
J Jungle Boat
29%
J Jungle Door
29%
J Jungle Leaves
29%
J Jungle Planks
29%
J Jungle Slab
29%
L Ladder
29%
L Leather
29%
L Leather Boots
29%
M Magenta Bed
29%
M Milk Bucket
29%
N Netherite Leggings
29%
N Netherite Shovel
29%
O Oak Sapling
29%
P Polished Andesite
29%
R Raw Porkchop
29%
R Red Carpet
29%
R Red Wool
29%
R Rotten Flesh
29%
S Smooth Stone
29%
S Spider Eye
29%
S Spruce Boat
29%
S Spruce Door
29%
S Spruce Leaves
29%
S Spruce Sapling
29%
S Stone Brick Stairs
29%
S Stone Stairs
29%
S Sugar
29%
S Sugar Cane
29%
T TNT
29%
T Torch
29%
W White Carpet
29%
W Wooden Shovel
29%
Y Yellow Wool
29%
A Acacia Fence
21%
A Acacia Wood
21%
A Allay Spawn Egg
21%
A Anvil
21%
B Baked Potato
21%
B Beacon
21%
B Birch Boat
21%
B Birch Fence
21%
B Birch Leaves
21%
B Birch Planks
21%
B Birch Slab
21%
B Blackstone Slab
21%
B Blackstone Stairs
21%
B Blaze Rod
21%
B Block of Lapis Lazuli
21%
B Blue Carpet
21%
B Bone Meal
21%
B Bookshelf
21%
B Bricks
21%
C Cherry Door
21%
C Cherry Fence
21%
C Cherry Sapling
21%
C Cherry Wood
21%
C Clay
21%
C Coal Ore
21%
C Cobblestone Slab
21%
C Cobblestone Stairs
21%
C Cobblestone Wall
21%
C Cobweb
21%
C Compass
21%
C Composter
21%
C Cooked Porkchop
21%
C Cookie
21%
C Copper Ingot
21%
C Copper Ore
21%
C Crossbow
21%
C Cyan Bed
21%
D Dark Oak Fence
21%
D Dark Oak Leaves
21%
D Dark Oak Slab
21%
D Dark Oak Stairs
21%
D Dark Oak Wood
21%
D Diamond Axe
21%
D Diamond Boots
21%
D Diamond Helmet
21%
D Diamond Hoe
21%
D Diamond Leggings
21%
D Diamond Pickaxe
21%
D Diamond Sword
21%
E End Rod
21%
E End Stone
21%
F Feather
21%
F Fishing Rod
21%
G Golden Axe
21%
G Golden Boots
21%
G Golden Carrot
21%
G Golden Chestplate
21%
G Golden Helmet
21%
G Golden Hoe
21%
G Golden Pickaxe
21%
G Golden Sword
21%
G Gray Wool
21%
G Green Carpet
21%
G Green Wool
21%
I Ice
21%
I Iron Bars
21%
I Iron Door
21%
I Iron Nugget
21%
I Iron Shovel
21%
J Jungle Fence
21%
J Jungle Log
21%
J Jungle Sapling
21%
J Jungle Wood
21%
L Lapis Lazuli Ore
21%
L Leather Pants
21%
L Lever
21%
L Light Gray Bed
21%
L Light Gray Carpet
21%
L Light Gray Wool
21%
L Lime Bed
21%
L Lime Carpet
21%
L Lime Wool
21%
M Mace
21%
M Magenta Stained Glass
21%
M Magenta Wool
21%
M Melon
21%
M Minecart
21%
N Nether Brick
21%
N Nether Brick Fence
21%
N Nether Bricks
21%
N Nether Brick Slab
21%
O Oak Button
21%
O Oak Fence Gate
21%
O Oak Pressure Plate
21%
O Oak Sign
21%
O Oak Trapdoor
21%
O Observer
21%
O Orange Bed
21%
O Orange Carpet
21%
O Orange Stained Glass
21%
O Orange Wool
21%
P Paper
21%
P Pink Wool
21%
P Poisonous Potato
21%
P Polished Deepslate
21%
P Polished Deepslate Slab
21%
P Polished Deepslate Stairs
21%
P Polished Diorite
21%
P Pumpkin
21%
P Purple Bed
21%
P Purple Carpet
21%
P Purple Wool
21%
R Rail
21%
R Raw Iron
21%
R Red Dye
21%
R Red Sand
21%
R Red Stained Glass
21%
R Redstone Dust
21%
S Sandstone
21%
S Shield
21%
S Shulker Box
21%
S Slime Block
21%
S Smithing Table
21%
S Smoker
21%
S Sniffer Spawn Egg
21%
S Spruce Slab
21%
S Spruce Trapdoor
21%
S Stick
21%
S Stone Axe
21%
S Stone Brick Slab
21%
S Stone Button
21%
S Stone Hoe
21%
S Stone Pickaxe
21%
S Stone Slab
21%
S Stone Sword
21%
W Wheat Seeds
21%
W White Bed
21%
W White Dye
21%
Y Yellow Bed
21%
Y Yellow Carpet
21%
A Acacia Boat
14%
A Acacia Door
14%
A Acacia Leaves
14%
A Acacia Log
14%
A Acacia Sapling
14%
A Acacia Trapdoor
14%
A Amethyst Shard
14%
A Andesite Slab
14%
A Andesite Stairs
14%
A Andesite Wall
14%
A Armadillo Scute
14%
A Armadillo Spawn Egg
14%
A Armor Stand
14%
A Azalea
14%
B Barrier
14%
B Beehive
14%
B Bee Spawn Egg
14%
B Birch Fence Gate
14%
B Birch Sapling
14%
B Birch Trapdoor
14%
B Birch Wood
14%
B Black Stained Glass
14%
B Black Stained Glass Pane
14%
B Blaze Powder
14%
B Block of Copper
14%
B Block of Raw Gold
14%
B Block of Raw Iron
14%
B Blue Dye
14%
B Blue Shulker Box
14%
B Blue Stained Glass
14%
B Blue Stained Glass Pane
14%
B Blue Wool
14%
B Breeze Rod
14%
B Brown Bed
14%
B Brown Carpet
14%
B Brown Wool
14%
C Cactus
14%
C Campfire
14%
C Carved Pumpkin
14%
C Cat Spawn Egg
14%
C Cauldron
14%
C Chainmail Boots
14%
C Chainmail Chestplate
14%
C Chainmail Helmet
14%
C Chainmail Leggings
14%
C Charcoal
14%
C Cherry Boat
14%
C Cherry Boat with Chest
14%
C Cherry Leaves
14%
C Cherry Log
14%
C Cherry Planks
14%
C Cherry Sign
14%
C Cherry Slab
14%
C Cherry Stairs
14%
C Cherry Trapdoor
14%
C Chiseled Deepslate
14%
C Coarse Dirt
14%
C Cobbled Deepslate Slab
14%
C Cobbled Deepslate Stairs
14%
C Cod Spawn Egg
14%
C Cooked Salmon
14%
C Copper Chest
14%
C Copper Chestplate
14%
C Copper Helmet
14%
C Copper Leggings
14%
C Copper Sword
14%
C Cow Spawn Egg
14%
C Cracked Stone Bricks
14%
C Creeper Head
14%
C Creeper Spawn Egg
14%
C Crimson Door
14%
C Crimson Fence
14%
C Crimson Planks
14%
C Crimson Slab
14%
C Cyan Carpet
14%
C Cyan Wool
14%
D Damaged Anvil
14%
D Dark Oak Boat
14%
D Dark Oak Boat with Chest
14%
D Dark Oak Door
14%
D Dark Oak Sign
14%
D Dark Oak Trapdoor
14%
D Dead Bush
14%
D Deepslate Copper Ore
14%
D Detector Rail
14%
D Diamond Shovel
14%
D Dragon Head
14%
D Dropper
14%
E Ender Chest
14%
F Flower Pot
14%
G Gilded Blackstone
14%
G Glass Bottle
14%
G Glass Pane
14%
G Golden Leggings
14%
G Golden Shovel
14%
G Gray Carpet
14%
G Gray Dye
14%
G Gray Stained Glass
14%
G Green Shulker Box
14%
H Hay Bale
14%
I Infested Chiseled Stone Bricks
14%
I Infested Cobblestone
14%
I Infested Stone
14%
I Iron Trapdoor
14%
I Item Frame
14%
J Jukebox
14%
J Jungle Boat with Chest
14%
J Jungle Fence Gate
14%
J Jungle Trapdoor
14%
L Light Blue Bed
14%
L Light Blue Carpet
14%
L Light Blue Wool
14%
L Light Gray Dye
14%
L Light Gray Stained Glass
14%
L Light Gray Stained Glass Pane
14%
M Magenta Dye
14%
M Magenta Stained Glass Pane
14%
M Magenta Terracotta
14%
M Magma Block
14%
M Magma Cube Spawn Egg
14%
M Mangrove Stairs
14%
M Melon Seeds
14%
M Mossy Cobblestone
14%
M Mossy Stone Bricks
14%
N Nether Brick Stairs
14%
N Netherite Scrap
14%
N Nether Quartz
14%
N Nether Star
14%
N Nether Wart
14%
O Oak Boat with Chest
14%
O Ominous Trial Key
14%
O Orange Dye
14%
O Orange Stained Glass Pane
14%
P Packed Ice
14%
P Painting
14%
P Pig Spawn Egg
14%
P Pink Bed
14%
P Pink Carpet
14%
P Polished Blackstone
14%
P Polished Deepslate Wall
14%
P Polished Granite
14%
P Potion of Fire Resistance
14%
P Potion of Harming
14%
P Potion of Healing
14%
P Potion of Poison
14%
P Potion of Regeneration
14%
P Potion of Strength
14%
P Potion of Swiftness
14%
P Powered Rail
14%
P Pufferfish
14%
P Purple Stained Glass
14%
P Purple Stained Glass Pane
14%
R Raw Cod
14%
R Raw Gold
14%
R Raw Rabbit
14%
R Raw Salmon
14%
R Red Stained Glass Pane
14%
R Redstone Repeater
14%
S Saddle
14%
S Sandstone Slab
14%
S Sandstone Stairs
14%
S Silence Armor Trim
14%
S Skeleton Skull
14%
S Slimeball
14%
S Smooth Stone Slab
14%
S Snow
14%
S Soul Sand
14%
S Soul Torch
14%
S Spruce Boat with Chest
14%
S Spruce Button
14%
S Spruce Sign
14%
S Spruce Wood
14%
S Stone Brick Wall
14%
S Stone Pressure Plate
14%
S Stone Shovel
14%
S Stripped Spruce Wood
14%
T Tall Grass
14%
T Totem of Undying
14%
T Trial Key
14%
T Tripwire Hook
14%
T Tuff
14%
T Tuff Bricks
14%
V Villager Spawn Egg
14%
V Vines
14%
W Warped Door
14%
W Warped Fence
14%
W Warped Planks
14%
W Warped Slab
14%
W Wither Skeleton Skull
14%
W Wolf Spawn Egg
14%
W Wooden Spear
14%
Y Yellow Dye
14%
Y Yellow Shulker Box
14%
Y Yellow Stained Glass
14%
Y Yellow Stained Glass Pane
14%
Z Zombie Head
14%
Z Zombie Spawn Egg
14%
A Acacia Boat with Chest
7%
A Acacia Button
7%
A Activator Rail
7%
A Allium
7%
A Azalea Leaves
7%
A Azure Bluet
7%
B Barrel
7%
B Basalt
7%
B Beetroot Seeds
7%
B Beetroot Soup
7%
B Bell
7%
B Birch Boat with Chest
7%
B Birch Button
7%
B Birch Hanging Sign
7%
B Birch Sign
7%
B Birch Stairs
7%
B Black Dye
7%
B Blackstone Wall
7%
B Black Terracotta
7%
B Block of Amethyst
7%
B Block of Quartz
7%
B Block of Raw Copper
7%
B Blue Ice
7%
B Blue Orchid
7%
B Blue Terracotta
7%
B Bogged Spawn Egg
7%
B Bolt Armor Trim
7%
B Book and Quill
7%
B Bowl
7%
B Brick Slab
7%
B Brick Stairs
7%
B Brown Dye
7%
B Brown Mushroom
7%
B Brown Mushroom Block
7%
B Brown Shulker Box
7%
B Brown Stained Glass
7%
B Brown Stained Glass Pane
7%
B Brown Terracotta
7%
B Bucket of Axolotl
7%
B Bucket of Cod
7%
B Bucket of Salmon
7%
B Bucket of Tropical Fish
7%
B Budding Amethyst
7%
C Calcite
7%
C Cherry Button
7%
C Cherry Fence Gate
7%
C Cherry Hanging Sign
7%
C Cherry Pressure Plate
7%
C Chipped Anvil
7%
C Chiseled Quartz Block
7%
C Chiseled Tuff
7%
C Chorus Fruit
7%
C Cobbled Deepslate Wall
7%
C Cocoa Beans
7%
C Cooked Cod
7%
C Cooked Rabbit
7%
C Copper Axe
7%
C Copper Boots
7%
C Copper Bulb
7%
C Copper Chain
7%
C Copper Hoe
7%
C Copper Pickaxe
7%
C Copper Shovel
7%
C Cornflower
7%
C Crimson Button
7%
C Crimson Fence Gate
7%
C Crimson Hanging Sign
7%
C Crimson Sign
7%
C Crimson Stairs
7%
C Crimson Trapdoor
7%
C Crying Obsidian
7%
C Cut Sandstone
7%
C Cyan Dye
7%
C Cyan Stained Glass
7%
C Cyan Stained Glass Pane
7%
C Cyan Terracotta
7%
D Dandelion
7%
D Dark Oak Button
7%
D Dark Oak Fence Gate
7%
D Dark Oak Hanging Sign
7%
D Dark Oak Pressure Plate
7%
D Dark Prismarine
7%
D Daylight Detector
7%
D Deepslate Brick Wall
7%
D Deepslate Tiles
7%
D Deepslate Tile Slab
7%
D Deepslate Tile Stairs
7%
D Deepslate Tile Wall
7%
D Diamond Horse Armor
7%
D Diorite Slab
7%
D Diorite Stairs
7%
D Diorite Wall
7%
D Donkey Spawn Egg
7%
D Dried Kelp
7%
D Dripstone Block
7%
D Dune Armor Trim
7%
E Empty Map
7%
E Enchanted Golden Apple
7%
E End Crystal
7%
E Ender Dragon Spawn Egg
7%
E Enderman Spawn Egg
7%
E Eye Armor Trim
7%
F Fermented Spider Eye
7%
F Fern
7%
F Flow Armor Trim
7%
F Frogspawn
7%
G Ghast Spawn Egg
7%
G Golden Horse Armor
7%
G Gold Nugget
7%
G Granite Slab
7%
G Granite Stairs
7%
G Granite Wall
7%
G Gray Stained Glass Pane
7%
G Gray Terracotta
7%
G Green Dye
7%
G Green Stained Glass
7%
G Green Stained Glass Pane
7%
G Green Terracotta
7%
G Grindstone
7%
H Happy Ghast Spawn Egg
7%
H Heavy Weighted Pressure Plate
7%
H Honey Block
7%
H Honey Bottle
7%
H Hopper
7%
H Horse Spawn Egg
7%
H Husk Spawn Egg
7%
I Infested Cracked Stone Bricks
7%
I Infested Mossy Stone Bricks
7%
I Infested Stone Bricks
7%
I Iron Chain
7%
I Iron Horse Armor
7%
I Iron Spear
7%
J Jack o'Lantern
7%
J Jungle Hanging Sign
7%
J Jungle Pressure Plate
7%
J Jungle Sign
7%
K Kelp
7%
L Large Fern
7%
L Lead
7%
L Leather Cap
7%
L Leather Tunic
7%
L Lectern
7%
L Light Blue Dye
7%
L Light Blue Stained Glass
7%
L Light Blue Stained Glass Pane
7%
L Light Blue Terracotta
7%
L Light Gray Terracotta
7%
L Lightning Rod
7%
L Light Weighted Pressure Plate
7%
L Lilac
7%
L Lily Pad
7%
L Lime Dye
7%
L Lime Shulker Box
7%
L Lime Stained Glass
7%
L Lime Stained Glass Pane
7%
L Lime Terracotta
7%
L Loom
7%
M Magenta Banner
7%
M Magenta Carpet
7%
M Magenta Glazed Terracotta
7%
M Magma Cream
7%
M Mangrove Boat
7%
M Mangrove Boat with Chest
7%
M Mangrove Button
7%
M Mangrove Door
7%
M Mangrove Fence
7%
M Mangrove Leaves
7%
M Mangrove Planks
7%
M Mangrove Roots
7%
M Mangrove Sign
7%
M Mangrove Slab
7%
M Mangrove Trapdoor
7%
M Mangrove Wood
7%
M Melon Slice
7%
M Minecart with Chest
7%
M Monster Spawner
7%
M Moss Block
7%
M Moss Carpet
7%
M Mossy Cobblestone Wall
7%
M Mossy Stone Brick Slab
7%
M Mossy Stone Brick Stairs
7%
M Mossy Stone Brick Wall
7%
M Mud
7%
M Mud Bricks
7%
M Mushroom Stem
7%
M Mushroom Stew
7%
M Music Disc 13
7%
M Music Disc Cat
7%
M Mycelium
7%
N Name Tag
7%
N Nether Brick Wall
7%
N Netherite Horse Armor
7%
N Netherite Spear
7%
N Nether Quartz Ore
7%
N Note Block
7%
O Oak Hanging Sign
7%
O Orange Shulker Box
7%
O Orange Terracotta
7%
O Orange Tulip
7%
O Oxeye Daisy
7%
P Pale Oak Boat
7%
P Pale Oak Boat with Chest
7%
P Pale Oak Door
7%
P Pale Oak Fence
7%
P Pale Oak Leaves
7%
P Pale Oak Planks
7%
P Pale Oak Slab
7%
P Pale Oak Trapdoor
7%
P Pale Oak Wood
7%
P Panda Spawn Egg
7%
P Parrot Spawn Egg
7%
P Petrified Oak Slab
7%
P Phantom Spawn Egg
7%
P Pink Shulker Box
7%
P Pink Stained Glass
7%
P Pink Stained Glass Pane
7%
P Pink Terracotta
7%
P Pink Tulip
7%
P Piston
7%
P Player Head
7%
P Podzol
7%
P Pointed Dripstone
7%
P Polar Bear Spawn Egg
7%
P Polished Andesite Slab
7%
P Polished Andesite Stairs
7%
P Polished Blackstone Pressure Plate
7%
P Polished Blackstone Slab
7%
P Polished Blackstone Stairs
7%
P Polished Diorite Slab
7%
P Polished Diorite Stairs
7%
P Polished Granite Slab
7%
P Polished Granite Stairs
7%
P Polished Tuff
7%
P Polished Tuff Slab
7%
P Polished Tuff Stairs
7%
P Polished Tuff Wall
7%
P Poppy
7%
P Prismarine
7%
P Prismarine Bricks
7%
P Prismarine Shard
7%
P Pumpkin Pie
7%
P Pumpkin Seeds
7%
P Purple Dye
7%
P Purple Shulker Box
7%
P Purple Terracotta
7%
P Purpur Block
7%
Q Quartz Pillar
7%
Q Quartz Slab
7%
Q Quartz Stairs
7%
R Rabbit's Foot
7%
R Rabbit Stew
7%
R Raw Copper
7%
R Red Mushroom
7%
R Red Mushroom Block
7%
R Red Nether Bricks
7%
R Red Nether Brick Slab
7%
R Red Nether Brick Stairs
7%
R Red Shulker Box
7%
R Redstone Comparator
7%
R Redstone Lamp
7%
R Red Terracotta
7%
R Red Tulip
7%
R Reinforced Deepslate
7%
R Rib Armor Trim
7%
R Rose Bush
7%
S Salmon Spawn Egg
7%
S Sculk
7%
S Seagrass
7%
S Sea Lantern
7%
S Sea Pickle
7%
S Sentry Armor Trim
7%
S Shears
7%
S Sheep Spawn Egg
7%
S Shulker Shell
7%
S Shulker Spawn Egg
7%
S Silverfish Spawn Egg
7%
S Skeleton Spawn Egg
7%
S Slime Spawn Egg
7%
S Smooth Quartz Block
7%
S Smooth Sandstone
7%
S Snout Armor Trim
7%
S Snowball
7%
S Soul Campfire
7%
S Splash Potion of Fire Resistance
7%
S Splash Potion of Harming
7%
S Splash Potion of Healing
7%
S Splash Potion of Poison
7%
S Splash Potion of Regeneration
7%
S Splash Potion of Swiftness
7%
S Sponge
7%
S Spruce Fence Gate
7%
S Spruce Hanging Sign
7%
S Sticky Piston
7%
S Stonecutter
7%
S Stripped Birch Log
7%
S Stripped Birch Wood
7%
S Stripped Cherry Log
7%
S Stripped Cherry Wood
7%
S Stripped Crimson Stem
7%
S Stripped Dark Oak Log
7%
S Stripped Dark Oak Wood
7%
S Stripped Jungle Log
7%
S Stripped Jungle Wood
7%
S Stripped Oak Log
7%
S Stripped Oak Wood
7%
S Stripped Spruce Log
7%
S Stripped Warped Stem
7%
S Sunflower
7%
T Target
7%
T Terracotta
7%
T Tide Armor Trim
7%
T Tinted Glass
7%
T Trapped Chest
7%
T Trial Spawner
7%
T Tropical Fish
7%
T Tuff Brick Slab
7%
T Tuff Brick Stairs
7%
T Tuff Brick Wall
7%
T Tuff Slab
7%
T Tuff Stairs
7%
T Tuff Wall
7%
T Turtle Egg
7%
T Turtle Shell
7%
T Turtle Spawn Egg
7%
V Vault
7%
V Vex Spawn Egg
7%
W Ward Armor Trim
7%
W Warped Button
7%
W Warped Fence Gate
7%
W Warped Fungus
7%
W Warped Hanging Sign
7%
W Warped Sign
7%
W Warped Stairs
7%
W Warped Trapdoor
7%
W Wayfinder Armor Trim
7%
W Wet Sponge
7%
W White Shulker Box
7%
W White Stained Glass
7%
W White Stained Glass Pane
7%
W White Terracotta
7%
W White Tulip
7%
W Wild Armor Trim
7%
W Wind Charge
7%
W Witch Spawn Egg
7%
W Wither Spawn Egg
7%
Y Yellow Terracotta
7%
Z Zombie Horse Spawn Egg
7%
A Acacia Fence Gate
0%
A Acacia Hanging Sign
0%
A Acacia Pressure Plate
0%
A Acacia Shelf
0%
A Acacia Sign
0%
A Amethyst Cluster
0%
A Angler Pottery Sherd
0%
A Archer Pottery Sherd
0%
A Arms Up Pottery Sherd
0%
A Arrow of Fire Resistance
0%
A Arrow of Harming
0%
A Arrow of Healing
0%
A Arrow of Infestation
0%
A Arrow of Invisibility
0%
A Arrow of Leaping
0%
A Arrow of Luck
0%
A Arrow of Night Vision
0%
A Arrow of Oozing
0%
A Arrow of Poison
0%
A Arrow of Regeneration
0%
A Arrow of Slow Falling
0%
A Arrow of Slowness
0%
A Arrow of Splashing
0%
A Arrow of Strength
0%
A Arrow of Swiftness
0%
A Arrow of the Turtle Master
0%
A Arrow of Water Breathing
0%
A Arrow of Weakness
0%
A Arrow of Weaving
0%
A Arrow of Wind Charging
0%
A Awkward Lingering Potion
0%
A Awkward Potion
0%
A Awkward Splash Potion
0%
A Axolotl Spawn Egg
0%
B Bamboo Button
0%
B Bamboo Door
0%
B Bamboo Fence
0%
B Bamboo Fence Gate
0%
B Bamboo Hanging Sign
0%
B Bamboo Mosaic
0%
B Bamboo Mosaic Slab
0%
B Bamboo Mosaic Stairs
0%
B Bamboo Planks
0%
B Bamboo Pressure Plate
0%
B Bamboo Raft
0%
B Bamboo Raft with Chest
0%
B Bamboo Shelf
0%
B Bamboo Sign
0%
B Bamboo Slab
0%
B Bamboo Stairs
0%
B Bamboo Trapdoor
0%
B Bat Spawn Egg
0%
B Bee Nest
0%
B Big Dripleaf
0%
B Birch Pressure Plate
0%
B Birch Shelf
0%
B Black Banner
0%
B Black Bundle
0%
B Black Candle
0%
B Black Concrete
0%
B Black Concrete Powder
0%
B Black Glazed Terracotta
0%
B Black Harness
0%
B Black Shulker Box
0%
B Blade Pottery Sherd
0%
B Blaze Spawn Egg
0%
B Block of Bamboo
0%
B Block of Resin
0%
B Block of Stripped Bamboo
0%
B Blue Banner
0%
B Blue Bundle
0%
B Blue Candle
0%
B Blue Concrete
0%
B Blue Concrete Powder
0%
B Blue Egg
0%
B Blue Glazed Terracotta
0%
B Blue Harness
0%
B Bone Block
0%
B Bordure Indented Banner Pattern
0%
B Bottle o' Enchanting
0%
B Brain Coral
0%
B Brain Coral Block
0%
B Brain Coral Fan
0%
B Breeze Spawn Egg
0%
B Brewer Pottery Sherd
0%
B Brick Wall
0%
B Brown Banner
0%
B Brown Bundle
0%
B Brown Candle
0%
B Brown Concrete
0%
B Brown Concrete Powder
0%
B Brown Egg
0%
B Brown Glazed Terracotta
0%
B Brown Harness
0%
B Brush
0%
B Bubble Coral
0%
B Bubble Coral Block
0%
B Bubble Coral Fan
0%
B Bucket of Pufferfish
0%
B Bucket of Tadpole
0%
B Bundle
0%
B Burn Pottery Sherd
0%
B Bush
0%
C Cactus Flower
0%
C Calibrated Sculk Sensor
0%
C Camel Husk Spawn Egg
0%
C Camel Spawn Egg
0%
C Candle
0%
C Carrot on a Stick
0%
C Cartography Table
0%
C Cave Spider Spawn Egg
0%
C Chain Command Block
0%
C Cherry Shelf
0%
C Chiseled Bookshelf
0%
C Chiseled Copper
0%
C Chiseled Nether Bricks
0%
C Chiseled Polished Blackstone
0%
C Chiseled Red Sandstone
0%
C Chiseled Resin Bricks
0%
C Chiseled Sandstone
0%
C Chiseled Tuff Bricks
0%
C Chorus Flower
0%
C Chorus Plant
0%
C Clay Ball
0%
C Clock
0%
C Closed Eyeblossom
0%
C Coast Armor Trim
0%
C Conduit
0%
C Copper Bars
0%
C Copper Door
0%
C Copper Golem Spawn Egg
0%
C Copper Golem Statue
0%
C Copper Grate
0%
C Copper Horse Armor
0%
C Copper Lantern
0%
C Copper Nautilus Armor
0%
C Copper Nugget
0%
C Copper Spear
0%
C Copper Torch
0%
C Copper Trapdoor
0%
C Cracked Deepslate Bricks
0%
C Cracked Deepslate Tiles
0%
C Cracked Nether Bricks
0%
C Cracked Polished Blackstone Bricks
0%
C Crafter
0%
C Creaking Heart
0%
C Creaking Spawn Egg
0%
C Creeper Charge Banner Pattern
0%
C Crimson Fungus
0%
C Crimson Hyphae
0%
C Crimson Nylium
0%
C Crimson Pressure Plate
0%
C Crimson Roots
0%
C Crimson Shelf
0%
C Crimson Stem
0%
C Cut Copper
0%
C Cut Copper Slab
0%
C Cut Copper Stairs
0%
C Cut Red Sandstone
0%
C Cut Red Sandstone Slab
0%
C Cut Sandstone Slab
0%
C Cyan Banner
0%
C Cyan Bundle
0%
C Cyan Candle
0%
C Cyan Concrete
0%
C Cyan Concrete Powder
0%
C Cyan Glazed Terracotta
0%
C Cyan Harness
0%
C Cyan Shulker Box
0%
D Danger Pottery Sherd
0%
D Dark Oak Shelf
0%
D Dark Prismarine Slab
0%
D Dark Prismarine Stairs
0%
D Dead Brain Coral
0%
D Dead Brain Coral Block
0%
D Dead Brain Coral Fan
0%
D Dead Bubble Coral
0%
D Dead Bubble Coral Block
0%
D Dead Bubble Coral Fan
0%
D Dead Fire Coral
0%
D Dead Fire Coral Block
0%
D Dead Fire Coral Fan
0%
D Dead Horn Coral
0%
D Dead Horn Coral Block
0%
D Dead Horn Coral Fan
0%
D Dead Tube Coral
0%
D Dead Tube Coral Block
0%
D Dead Tube Coral Fan
0%
D Debug Stick
0%
D Decorated Pot
0%
D Deepslate Bricks
0%
D Deepslate Brick Slab
0%
D Deepslate Brick Stairs
0%
D Diamond Nautilus Armor
0%
D Diamond Spear
0%
D Dirt Path
0%
D Disc Fragment
0%
D Dolphin Spawn Egg
0%
D Dragon's Breath
0%
D Dried Ghast
0%
D Dried Kelp Block
0%
D Drowned Spawn Egg
0%
E Echo Shard
0%
E Elder Guardian Spawn Egg
0%
E Enchanted Book Aqua Affinity
0%
E Enchanted Book Bane of Arthropods 1
0%
E Enchanted Book Bane of Arthropods 2
0%
E Enchanted Book Bane of Arthropods 3
0%
E Enchanted Book Bane of Arthropods 4
0%
E Enchanted Book Bane of Arthropods 5
0%
E Enchanted Book Blast Protection 1
0%
E Enchanted Book Blast Protection 2
0%
E Enchanted Book Blast Protection 3
0%
E Enchanted Book Blast Protection 4
0%
E Enchanted Book Breach 1
0%
E Enchanted Book Breach 2
0%
E Enchanted Book Breach 3
0%
E Enchanted Book Breach 4
0%
E Enchanted Book Channeling
0%
E Enchanted Book Curse of Binding
0%
E Enchanted Book Curse of Vanishing
0%
E Enchanted Book Density 1
0%
E Enchanted Book Density 2
0%
E Enchanted Book Density 3
0%
E Enchanted Book Density 4
0%
E Enchanted Book Density 5
0%
E Enchanted Book Depth Strider 1
0%
E Enchanted Book Depth Strider 2
0%
E Enchanted Book Depth Strider 3
0%
E Enchanted Book Efficiency 1
0%
E Enchanted Book Efficiency 2
0%
E Enchanted Book Efficiency 3
0%
E Enchanted Book Efficiency 4
0%
E Enchanted Book Efficiency 5
0%
E Enchanted Book Feather Falling 1
0%
E Enchanted Book Feather Falling 2
0%
E Enchanted Book Feather Falling 3
0%
E Enchanted Book Feather Falling 4
0%
E Enchanted Book Fire Aspect 1
0%
E Enchanted Book Fire Aspect 2
0%
E Enchanted Book Fire Protection 1
0%
E Enchanted Book Fire Protection 2
0%
E Enchanted Book Fire Protection 3
0%
E Enchanted Book Fire Protection 4
0%
E Enchanted Book Flame
0%
E Enchanted Book Fortune 1
0%
E Enchanted Book Fortune 2
0%
E Enchanted Book Fortune 3
0%
E Enchanted Book Frost Walker 1
0%
E Enchanted Book Frost Walker 2
0%
E Enchanted Book Impaling 1
0%
E Enchanted Book Impaling 2
0%
E Enchanted Book Impaling 3
0%
E Enchanted Book Impaling 4
0%
E Enchanted Book Impaling 5
0%
E Enchanted Book Infinity
0%
E Enchanted Book Knockback 1
0%
E Enchanted Book Knockback 2
0%
E Enchanted Book Looting 1
0%
E Enchanted Book Looting 2
0%
E Enchanted Book Looting 3
0%
E Enchanted Book Loyalty 1
0%
E Enchanted Book Loyalty 2
0%
E Enchanted Book Loyalty 3
0%
E Enchanted Book Luck of the Sea 1
0%
E Enchanted Book Luck of the Sea 2
0%
E Enchanted Book Luck of the Sea 3
0%
E Enchanted Book Lunge 1
0%
E Enchanted Book Lunge 2
0%
E Enchanted Book Lunge 3
0%
E Enchanted Book Lure 1
0%
E Enchanted Book Lure 2
0%
E Enchanted Book Lure 3
0%
E Enchanted Book Mending
0%
E Enchanted Book Multishot
0%
E Enchanted Book Piercing 1
0%
E Enchanted Book Piercing 2
0%
E Enchanted Book Piercing 3
0%
E Enchanted Book Piercing 4
0%
E Enchanted Book Power 1
0%
E Enchanted Book Power 2
0%
E Enchanted Book Power 3
0%
E Enchanted Book Power 4
0%
E Enchanted Book Power 5
0%
E Enchanted Book Projectile Protection 1
0%
E Enchanted Book Projectile Protection 2
0%
E Enchanted Book Projectile Protection 3
0%
E Enchanted Book Projectile Protection 4
0%
E Enchanted Book Protection 1
0%
E Enchanted Book Protection 2
0%
E Enchanted Book Protection 3
0%
E Enchanted Book Protection 4
0%
E Enchanted Book Punch 1
0%
E Enchanted Book Punch 2
0%
E Enchanted Book Quick Charge 1
0%
E Enchanted Book Quick Charge 2
0%
E Enchanted Book Quick Charge 3
0%
E Enchanted Book Respiration 1
0%
E Enchanted Book Respiration 2
0%
E Enchanted Book Respiration 3
0%
E Enchanted Book Riptide 1
0%
E Enchanted Book Riptide 2
0%
E Enchanted Book Riptide 3
0%
E Enchanted Book Sharpness 1
0%
E Enchanted Book Sharpness 2
0%
E Enchanted Book Sharpness 3
0%
E Enchanted Book Sharpness 4
0%
E Enchanted Book Sharpness 5
0%
E Enchanted Book Silk Touch
0%
E Enchanted Book Smite
0%
E Enchanted Book Smite 2
0%
E Enchanted Book Smite 3
0%
E Enchanted Book Smite 4
0%
E Enchanted Book Smite 5
0%
E Enchanted Book Soul Speed 1
0%
E Enchanted Book Soul Speed 2
0%
E Enchanted Book Soul Speed 3
0%
E Enchanted Book Sweeping Edge 1
0%
E Enchanted Book Sweeping Edge 2
0%
E Enchanted Book Sweeping Edge 3
0%
E Enchanted Book Swift Sneak 1
0%
E Enchanted Book Swift Sneak 2
0%
E Enchanted Book Swift Sneak 3
0%
E Enchanted Book Thorns 1
0%
E Enchanted Book Thorns 2
0%
E Enchanted Book Thorns 3
0%
E Enchanted Book Unbreaking 1
0%
E Enchanted Book Unbreaking 2
0%
E Enchanted Book Unbreaking 3
0%
E Enchanted Book Wind Burst 1
0%
E Enchanted Book Wind Burst 2
0%
E Enchanted Book Wind Burst 3
0%
E Endermite Spawn Egg
0%
E End Stone Bricks
0%
E End Stone Brick Slab
0%
E End Stone Brick Stairs
0%
E End Stone Brick Wall
0%
E Evoker Spawn Egg
0%
E Explorer Pottery Sherd
0%
E Exposed Chiseled Copper
0%
E Exposed Copper
0%
E Exposed Copper Bars
0%
E Exposed Copper Bulb
0%
E Exposed Copper Chain
0%
E Exposed Copper Chest
0%
E Exposed Copper Door
0%
E Exposed Copper Golem Statue
0%
E Exposed Copper Grate
0%
E Exposed Copper Lantern
0%
E Exposed Copper Trapdoor
0%
E Exposed Cut Copper
0%
E Exposed Cut Copper Slab
0%
E Exposed Cut Copper Stairs
0%
E Exposed Lightning Rod
0%
F Farmland
0%
F Field Masoned Banner Pattern
0%
F Fire Charge
0%
F Fire Coral
0%
F Fire Coral Block
0%
F Fire Coral Fan
0%
F Firefly Bush
0%
F Firework Rocket
0%
F Firework Star
0%
F Fletching Table
0%
F Flow Banner Pattern
0%
F Flower Charge Banner Pattern
0%
F Flowering Azalea
0%
F Flowering Azalea Leaves
0%
F Flow Pottery Sherd
0%
F Fox Spawn Egg
0%
F Friend Pottery Sherd
0%
F Frog Spawn Egg
0%
G Ghast Tear
0%
G Glistering Melon Slice
0%
G Globe Banner Pattern
0%
G Glow Berries
0%
G Glow Ink Sac
0%
G Glow Item Frame
0%
G Glow Lichen
0%
G Glow Squid Spawn Egg
0%
G Glowstone Dust
0%
G Goat Horn Admire
0%
G Goat Horn Call
0%
G Goat Horn Dream
0%
G Goat Horn Feel
0%
G Goat Horn Ponder
0%
G Goat Horn Seek
0%
G Goat Horn Sing
0%
G Goat Horn Yearn
0%
G Goat Spawn Egg
0%
G Golden Dandelion
0%
G Golden Nautilus Armor
0%
G Golden Spear
0%
G Gray Banner
0%
G Gray Bundle
0%
G Gray Candle
0%
G Gray Concrete
0%
G Gray Concrete Powder
0%
G Gray Glazed Terracotta
0%
G Gray Harness
0%
G Gray Shulker Box
0%
G Green Banner
0%
G Green Bundle
0%
G Green Candle
0%
G Green Concrete
0%
G Green Concrete Powder
0%
G Green Glazed Terracotta
0%
G Green Harness
0%
G Guardian Spawn Egg
0%
G Guster Banner Pattern
0%
G Guster Pottery Sherd
0%
H Hanging Roots
0%
H Heartbreak Pottery Sherd
0%
H Heart of the Sea
0%
H Heart Pottery Sherd
0%
H Heavy Core
0%
H Hoglin Spawn Egg
0%
H Honeycomb
0%
H Honeycomb Block
0%
H Horn Coral
0%
H Horn Coral Block
0%
H Horn Coral Fan
0%
H Host Armor Trim
0%
H Howl Pottery Sherd
0%
I Infested Deepslate
0%
I Ink Sac
0%
I Iron Golem Spawn Egg
0%
I Iron Nautilus Armor
0%
J Jigsaw Block
0%
J Jungle Button
0%
J Jungle Shelf
0%
K Knowledge Book
0%
L Lantern
0%
L Large Amethyst Bud
0%
L Leaf Litter
0%
L Leather Horse Armor
0%
L Light Blue Banner
0%
L Light Blue Bundle
0%
L Light Blue Candle
0%
L Light Blue Concrete
0%
L Light Blue Concrete Powder
0%
L Light Blue Glazed Terracotta
0%
L Light Blue Harness
0%
L Light Blue Shulker Box
0%
L Light Gray Banner
0%
L Light Gray Bundle
0%
L Light Gray Candle
0%
L Light Gray Concrete
0%
L Light Gray Concrete Powder
0%
L Light Gray Glazed Terracotta
0%
L Light Gray Harness
0%
L Light Gray Shulker Box
0%
L Lily of the Valley
0%
L Lime Banner
0%
L Lime Bundle
0%
L Lime Candle
0%
L Lime Concrete
0%
L Lime Concrete Powder
0%
L Lime Glazed Terracotta
0%
L Lime Harness
0%
L Lingering Potion of Fire Resistance
0%
L Lingering Potion of Harming
0%
L Lingering Potion of Healing
0%
L Lingering Potion of Infestation
0%
L Lingering Potion of Invisibility
0%
L Lingering Potion of Leaping
0%
L Lingering Potion of Luck
0%
L Lingering Potion of Night Vision
0%
L Lingering Potion of Oozing
0%
L Lingering Potion of Poison
0%
L Lingering Potion of Regeneration
0%
L Lingering Potion of Slow Falling
0%
L Lingering Potion of Slowness
0%
L Lingering Potion of Strength
0%
L Lingering Potion of Swiftness
0%
L Lingering Potion of the Turtle Master
0%
L Lingering Potion of Water Breathing
0%
L Lingering Potion of Weakness
0%
L Lingering Potion of Weaving
0%
L Lingering Potion of Wind Charging
0%
L Lingering Uncraftable Potion
0%
L Lingering Water Bottle
0%
L Llama Spawn Egg
0%
L Lodestone
0%
M Magenta Bundle
0%
M Magenta Candle
0%
M Magenta Concrete
0%
M Magenta Concrete Powder
0%
M Magenta Harness
0%
M Magenta Shulker Box
0%
M Mangrove Fence Gate
0%
M Mangrove Hanging Sign
0%
M Mangrove Log
0%
M Mangrove Pressure Plate
0%
M Mangrove Propagule
0%
M Mangrove Shelf
0%
M Medium Amethyst Bud
0%
M Minecart with Command Block
0%
M Minecart with Furnace
0%
M Minecart with Hopper
0%
M Minecart with TNT
0%
M Miner Pottery Sherd
0%
M Mooshroom Spawn Egg
0%
M Mossy Cobblestone Slab
0%
M Mossy Cobblestone Stairs
0%
M Mourner Pottery Sherd
0%
M Mud Brick Slab
0%
M Mud Brick Stairs
0%
M Mud Brick Wall
0%
M Muddy Mangrove Roots
0%
M Mule Spawn Egg
0%
M Mundane Lingering Potion
0%
M Mundane Potion
0%
M Mundane Splash Potion
0%
M Music Disc 11
0%
M Music Disc 5
0%
M Music Disc Blocks
0%
M Music Disc Chirp
0%
M Music Disc Creator
0%
M Music Disc Creator (Music Box)
0%
M Music Disc Far
0%
M Music Disc Lava Chicken
0%
M Music Disc Mall
0%
M Music Disc Mellohi
0%
M Music Disc Otherside
0%
M Music Disc Pigstep
0%
M Music Disc Precipice
0%
M Music Disc Relic
0%
M Music Disc Stal
0%
M Music Disc Strad
0%
M Music Disc Tears
0%
M Music Disc Wait
0%
M Music Disc Ward
0%
N Nautilus Shell
0%
N Nautilus Spawn Egg
0%
N Nether Gold Ore
0%
N Netherite Nautilus Armor
0%
N Netherite Upgrade
0%
N Nether Sprouts
0%
N Nether Wart Block
0%
O Oak Shelf
0%
O Ocelot Spawn Egg
0%
O Ochre Froglight
0%
O Ominous Bottle
0%
O Open Eyeblossom
0%
O Orange Banner
0%
O Orange Bundle
0%
O Orange Candle
0%
O Orange Concrete
0%
O Orange Concrete Powder
0%
O Orange Glazed Terracotta
0%
O Orange Harness
0%
O Oxidized Chiseled Copper
0%
O Oxidized Copper
0%
O Oxidized Copper Bars
0%
O Oxidized Copper Bulb
0%
O Oxidized Copper Chain
0%
O Oxidized Copper Chest
0%
O Oxidized Copper Door
0%
O Oxidized Copper Golem Statue
0%
O Oxidized Copper Grate
0%
O Oxidized Copper Lantern
0%
O Oxidized Copper Trapdoor
0%
O Oxidized Cut Copper
0%
O Oxidized Cut Copper Slab
0%
O Oxidized Cut Copper Stairs
0%
O Oxidized Lightning Rod
0%
P Packed Mud
0%
P Pale Hanging Moss
0%
P Pale Moss Block
0%
P Pale Moss Carpet
0%
P Pale Oak Button
0%
P Pale Oak Fence Gate
0%
P Pale Oak Hanging Sign
0%
P Pale Oak Log
0%
P Pale Oak Pressure Plate
0%
P Pale Oak Sapling
0%
P Pale Oak Shelf
0%
P Pale Oak Sign
0%
P Pale Oak Stairs
0%
P Parched Spawn Egg
0%
P Pearlescent Froglight
0%
P Peony
0%
P Phantom Membrane
0%
P Piglin Brute Spawn Egg
0%
P Piglin Head
0%
P Piglin Spawn Egg
0%
P Pillager Spawn Egg
0%
P Pink Banner
0%
P Pink Bundle
0%
P Pink Candle
0%
P Pink Concrete
0%
P Pink Concrete Powder
0%
P Pink Dye
0%
P Pink Glazed Terracotta
0%
P Pink Harness
0%
P Pink Petals
0%
P Pitcher Plant
0%
P Pitcher Pod
0%
P Plenty Pottery Sherd
0%
P Polished Basalt
0%
P Polished Blackstone Bricks
0%
P Polished Blackstone Brick Slab
0%
P Polished Blackstone Brick Stairs
0%
P Polished Blackstone Brick Wall
0%
P Polished Blackstone Button
0%
P Polished Blackstone Wall
0%
P Popped Chorus Fruit
0%
P Potion of Infestation
0%
P Potion of Invisibility
0%
P Potion of Leaping
0%
P Potion of Luck
0%
P Potion of Night Vision
0%
P Potion of Oozing
0%
P Potion of Slow Falling
0%
P Potion of Slowness
0%
P Potion of the Turtle Master
0%
P Potion of Water Breathing
0%
P Potion of Weakness
0%
P Potion of Weaving
0%
P Potion of Wind Charging
0%
P Powder Snow Bucket
0%
P Prismarine Brick Slab
0%
P Prismarine Brick Stairs
0%
P Prismarine Crystals
0%
P Prismarine Slab
0%
P Prismarine Stairs
0%
P Prismarine Wall
0%
P Prize Pottery Sherd
0%
P Pufferfish Spawn Egg
0%
P Purple Banner
0%
P Purple Bundle
0%
P Purple Candle
0%
P Purple Concrete
0%
P Purple Concrete Powder
0%
P Purple Glazed Terracotta
0%
P Purple Harness
0%
P Purpur Pillar
0%
P Purpur Slab
0%
P Purpur Stairs
0%
Q Quartz Bricks
0%
R Rabbit Hide
0%
R Rabbit Spawn Egg
0%
R Raiser Armor Trim
0%
R Ravager Spawn Egg
0%
R Recovery Compass
0%
R Red Banner
0%
R Red Bundle
0%
R Red Candle
0%
R Red Concrete
0%
R Red Concrete Powder
0%
R Red Glazed Terracotta
0%
R Red Harness
0%
R Red Nether Brick Wall
0%
R Red Sandstone
0%
R Red Sandstone Slab
0%
R Red Sandstone Stairs
0%
R Red Sandstone Wall
0%
R Repeating Command Block
0%
R Resin Brick
0%
R Resin Bricks
0%
R Resin Brick Slab
0%
R Resin Brick Stairs
0%
R Resin Brick Wall
0%
R Resin Clump
0%
R Respawn Anchor
0%
R Rooted Dirt
0%
S Sandstone Wall
0%
S Scaffolding
0%
S Scrape Pottery Sherd
0%
S Sculk Catalyst
0%
S Sculk Sensor
0%
S Sculk Shrieker
0%
S Sculk Vein
0%
S Shaper Armor Trim
0%
S Sheaf Pottery Sherd
0%
S Shelter Pottery Sherd
0%
S Short Dry Grass
0%
S Short Grass
0%
S Shroomlight
0%
S Skeleton Horse Spawn Egg
0%
S Skull Charge Banner Pattern
0%
S Skull Pottery Sherd
0%
S Small Amethyst Bud
0%
S Small Dripleaf
0%
S Smooth Basalt
0%
S Smooth Quartz Slab
0%
S Smooth Quartz Stairs
0%
S Smooth Red Sandstone
0%
S Smooth Red Sandstone Slab
0%
S Smooth Red Sandstone Stairs
0%
S Smooth Sandstone Slab
0%
S Smooth Sandstone Stairs
0%
S Sniffer Egg
0%
S Snort Pottery Sherd
0%
S Snout Banner Pattern
0%
S Snow Block
0%
S Snow Golem Spawn Egg
0%
S Soul Lantern
0%
S Soul Soil
0%
S Spectral Arrow
0%
S Spider Spawn Egg
0%
S Spire Armor Trim
0%
S Splash Potion of Infestation
0%
S Splash Potion of Invisibility
0%
S Splash Potion of Leaping
0%
S Splash Potion of Luck
0%
S Splash Potion of Night Vision
0%
S Splash Potion of Oozing
0%
S Splash Potion of Slow Falling
0%
S Splash Potion of Slowness
0%
S Splash Potion of Strength
0%
S Splash Potion of the Turtle Master
0%
S Splash Potion of Water Breathing
0%
S Splash Potion of Weakness
0%
S Splash Potion of Weaving
0%
S Splash Potion of Wind Charging
0%
S Splash Uncraftable Potion
0%
S Splash Water Bottle
0%
S Spore Blossom
0%
S Spruce Pressure Plate
0%
S Spruce Shelf
0%
S Spyglass
0%
S Squid Spawn Egg
0%
S Stone Spear
0%
S Stray Spawn Egg
0%
S Strider Spawn Egg
0%
S Stripped Acacia Log
0%
S Stripped Acacia Wood
0%
S Stripped Crimson Hyphae
0%
S Stripped Mangrove Log
0%
S Stripped Mangrove Wood
0%
S Stripped Pale Oak Log
0%
S Stripped Pale Oak Wood
0%
S Stripped Warped Hyphae
0%
S Structure Block
0%
S Structure Void
0%
S Suspicious Gravel
0%
S Suspicious Sand
0%
S Suspicious Stew Blindness
0%
S Suspicious Stew Fire Resistance
0%
S Suspicious Stew Jump Boost
0%
S Suspicious Stew Nausea
0%
S Suspicious Stew Night Vision
0%
S Suspicious Stew Poison
0%
S Suspicious Stew Regeneration
0%
S Suspicious Stew Saturation
0%
S Suspicious Stew Weakness
0%
S Suspicious Stew Wither
0%
S Sweet Berries
0%
T Tadpole Spawn Egg
0%
T Tall Dry Grass
0%
T Test Block
0%
T Test Instance Block
0%
T Thick Lingering Potion
0%
T Thick Potion
0%
T Thick Splash Potion
0%
T Thing Banner Pattern
0%
T Tipped Arrow Awkward
0%
T Tipped Arrow Mundane
0%
T Tipped Arrow Thick
0%
T Torchflower
0%
T Torchflower Seeds
0%
T Trader Llama Spawn Egg
0%
T Trident
0%
T Tropical Fish Spawn Egg
0%
T Tube Coral
0%
T Tube Coral Block
0%
T Tube Coral Fan
0%
T Turtle Scute
0%
T Twisting Vines
0%
U Uncraftable Potion
0%
U Uncraftable Tipped Arrow
0%
V Verdant Froglight
0%
V Vex Armor Trim
0%
V Vindicator Spawn Egg
0%
W Wandering Trader Spawn Egg
0%
W Warden Spawn Egg
0%
W Warped Fungus on a Stick
0%
W Warped Hyphae
0%
W Warped Nylium
0%
W Warped Pressure Plate
0%
W Warped Roots
0%
W Warped Shelf
0%
W Warped Stem
0%
W Warped Wart Block
0%
W Water Bottle
0%
W Waxed Block of Copper
0%
W Waxed Chiseled Copper
0%
W Waxed Copper Bars
0%
W Waxed Copper Bulb
0%
W Waxed Copper Chain
0%
W Waxed Copper Chest
0%
W Waxed Copper Door
0%
W Waxed Copper Golem Statue
0%
W Waxed Copper Grate
0%
W Waxed Copper Lantern
0%
W Waxed Copper Trapdoor
0%
W Waxed Cut Copper
0%
W Waxed Cut Copper Slab
0%
W Waxed Cut Copper Stairs
0%
W Waxed Exposed Chiseled Copper
0%
W Waxed Exposed Copper
0%
W Waxed Exposed Copper Bars
0%
W Waxed Exposed Copper Bulb
0%
W Waxed Exposed Copper Chain
0%
W Waxed Exposed Copper Chest
0%
W Waxed Exposed Copper Door
0%
W Waxed Exposed Copper Golem Statue
0%
W Waxed Exposed Copper Grate
0%
W Waxed Exposed Copper Lantern
0%
W Waxed Exposed Copper Trapdoor
0%
W Waxed Exposed Cut Copper
0%
W Waxed Exposed Cut Copper Slab
0%
W Waxed Exposed Cut Copper Stairs
0%
W Waxed Exposed Lightning Rod
0%
W Waxed Lightning Rod
0%
W Waxed Oxidized Chiseled Copper
0%
W Waxed Oxidized Copper
0%
W Waxed Oxidized Copper Bars
0%
W Waxed Oxidized Copper Bulb
0%
W Waxed Oxidized Copper Chain
0%
W Waxed Oxidized Copper Chest
0%
W Waxed Oxidized Copper Door
0%
W Waxed Oxidized Copper Golem Statue
0%
W Waxed Oxidized Copper Grate
0%
W Waxed Oxidized Copper Lantern
0%
W Waxed Oxidized Copper Trapdoor
0%
W Waxed Oxidized Cut Copper
0%
W Waxed Oxidized Cut Copper Slab
0%
W Waxed Oxidized Cut Copper Stairs
0%
W Waxed Oxidized Lightning Rod
0%
W Waxed Weathered Chiseled Copper
0%
W Waxed Weathered Copper
0%
W Waxed Weathered Copper Bars
0%
W Waxed Weathered Copper Bulb
0%
W Waxed Weathered Copper Chain
0%
W Waxed Weathered Copper Chest
0%
W Waxed Weathered Copper Door
0%
W Waxed Weathered Copper Golem Statue
0%
W Waxed Weathered Copper Grate
0%
W Waxed Weathered Copper Lantern
0%
W Waxed Weathered Copper Trapdoor
0%
W Waxed Weathered Cut Copper
0%
W Waxed Weathered Cut Copper Slab
0%
W Waxed Weathered Cut Copper Stairs
0%
W Waxed Weathered Lightning Rod
0%
W Weathered Chiseled Copper
0%
W Weathered Copper
0%
W Weathered Copper Bars
0%
W Weathered Copper Bulb
0%
W Weathered Copper Chain
0%
W Weathered Copper Chest
0%
W Weathered Copper Door
0%
W Weathered Copper Golem Statue
0%
W Weathered Copper Grate
0%
W Weathered Copper Lantern
0%
W Weathered Copper Trapdoor
0%
W Weathered Cut Copper
0%
W Weathered Cut Copper Slab
0%
W Weathered Cut Copper Stairs
0%
W Weathered Lightning Rod
0%
W Weeping Vines
0%
W White Banner
0%
W White Bundle
0%
W White Candle
0%
W White Concrete
0%
W White Concrete Powder
0%
W White Glazed Terracotta
0%
W White Harness
0%
W Wildflowers
0%
W Wither Rose
0%
W Wither Skeleton Spawn Egg
0%
W Wolf Armor
0%
Y Yellow Banner
0%
Y Yellow Bundle
0%
Y Yellow Candle
0%
Y Yellow Concrete
0%
Y Yellow Concrete Powder
0%
Y Yellow Glazed Terracotta
0%
Y Yellow Harness
0%
Z Zoglin Spawn Egg
0%
Z Zombie Nautilus Spawn Egg
0%
Z Zombie Villager Spawn Egg
0%
Z Zombified Piglin Spawn Egg
0%
No matching quizzes found
Score Distribution
Percent of People with Each Score
Percentile by Number Answered
Your Score History
You have not taken this quiz